Sports Quiz

Random Sports or NFL Quiz

Super Bowl XLV (Packers vs. Steelers) Quiz Stats

 Plays Quiz Updated Feb 6, 2013

Challenge
Share
Tweet
Embed
Score 0/32 Timer 06:00
2 Plays Today
Answer % Correct
Green Bay
97.4%
Bears, Lions, Vikings
92.7%
Pittsburgh
89.5%
Aaron Rodgers
89.3%
Browns, Ravens, Bengals
86.3%
Super Bowl 45
86.3%
Fox Sports (USA), BBC (UK), CTV (Canada),...
84.8%
National Football League
83.7%
Sunday
83.4%
21
81.1%
NFC North
81.1%
Texas
80.7%
Lombardi Trophy
79%
Super Bowl XLIII - 2009
78.1%
AFC North
78%
Ben Roethlisberger
76.6%
Answer % Correct
Lambeau Field
75.8%
Mike Tomlin
73.2%
Super Bowl XXXII - 1998
71.3%
Black Eyed Peas
69%
Mike McCarthy
66.4%
Heinz Field
66%
February 6th, 2011
63.3%
Rashard Mendenhall
63.1%
24
62.5%
AT&T Stadium
56%
Brandon Jackson
55.3%
Los Angeles, California
43.2%
Art Rooney II
42%
Brett Favre (2016)
30.8%
Kevin Greene (2016)
12.8%
Mark Murphy
11.7%

You're not logged in!

Compare scores with friends on all Sporcle quizzes.
Join for Free
OR
Log In

You Might Also Like...

Show Comments

Extras

Top Quizzes Today


Score Distribution

Your Account Isn't Verified!

In order to create a playlist on Sporcle, you need to verify the email address you used during registration. Go to your Sporcle Settings to finish the process.

Report this User

Report this user for behavior that violates our Community Guidelines.

Details: